Alle Landeshauptstädte - Sudden Death - Statistiken

Allgemein
  • Dieses Quiz wurde 208 mal gespielt
  • Das Durchschnittsergebnis liegt bei 5 aus 16
Answers on the Grid
Answers color-coded by a green-red scale on the quiz's grid according to % correct below.
Dresden
Postdam
Madgeburg
München
Düsseldoof
Hanover
Stutgart
Potsdam
Kiel
Meinz
Düsseldorf
Wiesbaden
Hammburg
Saarbrücken
Hamburg
Schwerin
Dreesden
Bärlin
Bremen
Brenem
Stuttgart
Mainz
Erfurd
Schweirin
Erfurt
Keil
Berlin
Magdeburg
Sarbrücken
Weisbaden
Hannover
Münschen
 
Antwortstatistiken
Antwort % Korrekt
Dresden
70%
München
49%
Berlin
31%
Hannover
29%
Bremen
28%
Düsseldorf
28%
Wiesbaden
28%
Potsdam
27%
Schwerin
27%
Erfurt
26%
Kiel
26%
Hamburg
24%
Stuttgart
24%
Mainz
23%
Magdeburg
22%
Saarbrücken
22%
Keine übereinstimmenden Quizze gefunden
Verteilung der Resultate
Anzahl Personen mit jedem Resultat
Perzentil nach korrekt beantworteten Fragen
Ihre Resultats-Entwicklung
Sie haben dieses Quiz noch nicht gespielt